Éditorial (notice n° 2064529)

détails MARC
000 -LEADER
fixed length control field 02236cam a2200181 4500500
005 - DATE AND TIME OF LATEST TRANSACTION
control field 20260405003121.0
041 ## - LANGUAGE CODE
Language code of text/sound track or separate title fre
042 ## - AUTHENTICATION CODE
Authentication code dc
100 10 - MAIN ENTRY--PERSONAL NAME
Personal name Authier, Jean-Yves
Relator term author
245 00 - TITLE STATEMENT
Title Éditorial
260 ## - PUBLICATION, DISTRIBUTION, ETC.
Date of publication, distribution, etc. 2005.<br/>
500 ## - GENERAL NOTE
General note 83
520 ## - SUMMARY, ETC.
Summary, etc. Après quelques données sur les soins autour des brûlures réalisés à l’hôpital des enfants du chu de Bordeaux, les auteurs abordent l’accompagnement psychologique des enfants brûlés avec une particularité de présence aux soins. Cette particularité est basée sur un travail d’équipe autour de la prise en compte de la protection de l’enfance, du psychotraumatisme des enfants et de leur famille et met en évidence l’importance du travail de la mémoire, de la sidération de pensées et de la prévention autour du concept du Moi-peau et de son implication dans le développement de l’enfant. C’est à travers de situations cliniques que les auteurs appuieront leur argumentation d’accompagnement et de soutien aux enfants et à leurs familles. L’ouverture du suivi sur un hôpital de jour ou une consultation dédiée en présence d’un psychologue est alors envisagée dans une continuité de soins.
520 ## - SUMMARY, ETC.
Summary, etc. After providing some data on burn care at the Bordeaux University Hospital Children’s Hospital, the authors discuss psychological support for children with burns, with a particular focus on presence during care. This particularity is based on teamwork that takes into account child protection, the psychological trauma of children and their families, and highlights the importance of working on memory, thought paralysis and prevention around the concept of the skin-ego and its involvement in child development. The authors use clinical situations to support their argument for accompanying and supporting children and their families. The possibility of follow-up care in a day hospital or a dedicated consultation with a psychologist is then considered as part of continuity of care.
700 10 - ADDED ENTRY--PERSONAL NAME
Personal name Bidou, Catherine
Relator term author
786 0# - DATA SOURCE ENTRY
Note Espaces et sociétés | 120-121 | 1 | 2005-06-01 | p. 7-14 | 0014-0481
856 41 - ELECTRONIC LOCATION AND ACCESS
Uniform Resource Identifier <a href="https://shs.cairn.info/revue-espaces-et-societes-2005-1-page-7?lang=fr&redirect-ssocas=7080">https://shs.cairn.info/revue-espaces-et-societes-2005-1-page-7?lang=fr&redirect-ssocas=7080</a>

Pas d'exemplaire disponible.

PLUDOC

PLUDOC est la plateforme unique et centralisée de gestion des bibliothèques physiques et numériques de Guinée administré par le CEDUST. Elle est la plus grande base de données de ressources documentaires pour les Étudiants, Enseignants chercheurs et Chercheurs de Guinée.

Adresse

627 919 101/664 919 101

25 boulevard du commerce
Kaloum, Conakry, Guinée

Réseaux sociaux

Powered by Netsen Group @ 2025